Capital cities with 4 letter names - Statistics

General Stats
  • This quiz has been taken 75 times
  • The average score is 10 of 14
Answer Stats
Answer % Correct
Rome
91%
Lima
88%
Oslo
84%
Bern
83%
Riga
78%
Kiev
73%
Doha
69%
Lome
67%
Apia
66%
Suva
66%
Baku
64%
Juba
64%
Dili
61%
Male
59%
No matching quizzes found
Score Distribution
Percent of People with Each Score
Percentile by Number Answered
Your Score History
You have not taken this quiz